LDR 01278naa#a2200217#i#450# 001 RU\RIOR\bibl\126481 005 20260629092900.1 011 ## _a2409-6024 100 ## _a20260530b2026####ek#y0rusy0150####ca 102 ## _aRU 200 1# _aАдаптивное бюджетирование и ценовые стратегии российских предприятий в условиях трансформации денежно-кредитного регулирования и глобальной нестабильности _eЖурнальная статья 210 1# _aМосква _cООО "Издательский Центр РИОР" _d2026 215 ## _a11 с. 606 ## _aЭкономика и бухгалтерский учет (по отраслям). 38.02.01 _2local 608 ## _aЖурнальная статья _2local 675 ## _aЭкономика. Народное хозяйство. Экономические науки. 33 _z 686 ## _aЭкономика. Экономические науки. 65 _2bbk 686 ## _aЭкономика. Бухгалтерский учет. Финансы. 77 _2tbk 686 ## _aУчетно-экономические науки. 06.35 _2grnti 700 #1 _aПутихин _gЮрий Евгеньевич 856 4# _arusjm.ru _u